000 00297nam a22001457a 4500
008 230906b ||||| |||| 00| 0 eng d
020 _a9780684809601
041 _aeng
080 _a34
082 _a34MAS
100 _a32
101 _aJUR
245 _aTHE FIX
_cMASSING.M
942 _2udc
_cBK
999 _c60260
_d60260